Anak ayam disambar helang

Bibliographic Details
Main Author: Abdullah Ishak
Format: Book
Published: Kuala Lumpur : Pustaka Prinsip , 2005
Series:Siri cerita alam haiwan
Subjects:

MARC

LEADER 00000cam a2200000 7i4500
001 0000000652
005 20151222.0
008 070702
020 |a 983053328X(set) 
020 |a 9830533298 
090 0 0 |a JF   |b ANM MAL (577) 
100 0 |a Abdullah Ishak 
245 1 0 |a Anak ayam disambar helang   |c Abdullah Ishak 
260 |a Kuala Lumpur :   |b Pustaka Prinsip ,   |c 2005 
440 |a Siri cerita alam haiwan 
500 |a Children ages 7-9 years old (orange) 
650 0 |a Malay language   |x Readers   |x Animals 
999 |a 0000959694   |b Book   |c Children Collection   |e Cawangan Bandar Tenggara 
999 |a 0000959695   |b Book   |c Children Collection   |e Perbadanan Perpustakaan Awam Johor 
999 |a 0000959696   |b Book   |c Children Collection   |e Cawangan Pontian 
999 |a 0000959697   |b Book   |c Children Collection   |e Cawangan Bandar Penawar 
999 |a 0000959698   |b Book   |c Children Collection   |e Perbadanan Perpustakaan Awam Johor